| 000 | 01243cam a2200361 i 4500 | ||
|---|---|---|---|
| 999 |
_c200452869 _d71081 |
||
| 001 | 200452869 | ||
| 003 | TR-AnTOB | ||
| 005 | 20230411102625.0 | ||
| 007 | ta | ||
| 008 | 190417t20192013tu ab 000 0 tur d | ||
| 020 |
_a9786054125821 _q(paperback) |
||
| 040 |
_aBGZ _beng _erda _cBGZ _dTR-AnTOB |
||
| 041 | 0 | _atur | |
| 050 | 0 | 4 |
_aDR434 _b.Ö934 2019 |
| 090 |
_aDR434 _b.Ö934 2019 |
||
| 100 | 1 |
_aÖzdemir, Ali Rıza _d1977- _eauthor _992357 |
|
| 245 | 1 | 0 |
_aKayıp Türkler : _betnik coğrafya bakımından Kürtleşen Türkmen aşiretleri / _cAli Rıza Özdemir. |
| 246 | 3 | 0 | _aEtnik coğrafya bakımından Kürtleşen Türkmen aşiretleri |
| 250 | _a10. Baskı: Mayıs 2019 | ||
| 264 | 1 |
_aAnkara : _bKripto, _c2019. |
|
| 264 | 4 | _c©2008-2019 | |
| 300 |
_a303 pages : _billustrations, maps ; _c21 cm |
||
| 336 |
_atext _btxt _2rdacontent |
||
| 337 |
_aunmediated _bn _2rdamedia |
||
| 338 |
_avolume _bnc _2rdacarrier |
||
| 490 | 0 |
_aGenel Yayın No ; _v76 _aAraştırma İnceleme Dizisi ; _v57 |
|
| 504 | _aBIB | ||
| 650 | 7 |
_aEtnik ilişkiler _2etuturkob _9124786 |
|
| 650 | 7 |
_aKürtler _xTarih _zTürkiye _2etuturkob _964814 |
|
| 650 | 7 |
_aKürtler _zTürkiye _xEtnik kimlik _2etuturkob _985705 |
|
| 942 |
_2lcc _cBK |
||